Normas mínimas para la confección de estados contables /

Guardado en:
Autor Principal: Elce, Quintino P. dell'.
Autor Corporativo: Asamblea Nacional de Graduados en Ciencias Económicas
Formato: Libro
Idioma:Spanish
Publicado: Buenos Aires : El Coloquio, impreso 1975.
Materias:
Etiquetas: Agregar Etiqueta
Sin Etiquetas, Sea el primero en etiquetar este registro!
LEADER 01504nam a22002175a 4500
001 EAD.ead000253
008 060131s1975####ag############100#0#spa#d
005 20210419115732.0
245 1 0 |a Normas mínimas para la confección de estados contables /  |c Quintino P. Dell'Elce. 
260 |a Buenos Aires :  |b El Coloquio,  |c impreso 1975. 
300 |a 179 p. ;  |c 21 cm. 
500 |a "Texto completo de la resolución votada y aprobada por la Va. y VIa. Asamblea Nacional de Graduados en Ciencias Económicas celebradas en 1960 y 1962 en las ciudades de Rosario y Buenos Aires respectivamente, precedido por un breve comentario explicativo acerca de los antecedentes, alcances y significado de las mencionadas disposiciones y de la principales consecuencias posteriores a su sanción dentro del ámbito profesional nacional preparado pr el Profesor Dr. Quintino Pierino Dell'Elce". 
500 |a Incluye la recomendación nº8 dictada por el Instituto Técnico de Contadores Públicos sobre "Normas relativas a la forma de presentación de estados contables". 
100 1 |a Elce, Quintino P. dell'. 
711 2 |a Asamblea Nacional de Graduados en Ciencias Económicas  |n (5a. :  |d 1960 :  |c Rosario, Argentina) 
711 2 |a Asamblea Nacional de Graduados en Ciencias Económicas  |n (6a. :  |d 1962 :  |c Buenos Aires, Argentina) 
082 0 4 |a 657  |2 21 
650 7 |a Contabilidad.  |2 unbist 
650 7 |a Estados contables.  |2 isoc 
650 7 |a Principios contables.  |2 isoc 
859 |a AR-BaBDC  |b BIB. ADMINISTRACION - Libros  |h 657  |i D38-1  |p b01309